000 00664nam a2200241Ia 4500
003 OSt
005 20220923215035.0
006 a|||||r|||| 00| 0
007 ta
008 220922b |||||||| |||| 00| 0 hin d
024 _a175,124
037 _cTextual
040 _aARTS
_cARTS
_bhin
041 _2hin
_ahin
082 _aO152:g, L3
100 _aरामचन्द्र प्रसाद
245 0 _aशैली
246 _aShailī
260 _c1973
650 _aहिन्दी साहित्य
_9156264
942 _hO152:g, L3
_cTEXL
_2CC
999 _c328828
_d328828